Bronco sang kuda /

Bibliographic Details
Main Author: Lazier, Christine
Format: Book
Published: K.L: DBP, 1996.
Subjects:
LEADER 00502cam a2200205 7i4500
001 0000040961
005 20151104090000.0
005 ##20151104151900.0
002 ##000001141
003 ##MY-KlINT
008 151104 00010 eng
020 # # |a 9836249168  
039 # 9 |y 201511041519  |z VLOAD 
090 0 0 |a 599.725 LAZ  
100 1 # |a Lazier, Christine. 
245 0 0 |a Bronco sang kuda /   |c Christine Lazier.. 
260 # # |a K.L:   |b DBP,   |c 1996. 
300 # # |a ill:   |b 92p.. 
650 # 0 |a Educational games  
650 # 0 |a Horses